000 00926cam a2200265 a 4500
001 3997972
005 20250428155325.0
008 960605s1997 nyu b 001 0 eng
020 _a0394583922 (alk. paper)
050 0 0 _aHC106.82
_b.K87 1997
082 0 0 _a338.973
_220
100 1 _aKuttner, Robert.
245 1 0 _aEverything for sale :
_bthe virtues and limits of markets /
_cRobert Kuttner.
250 _a1st ed.
260 _aNew York :
_bAlfred A. Knopf,
_c1997.
300 _axvi, 410 p. ;
_c25 cm.
500 _a"A Twentieth Century Fund book."
650 0 _aIndustrial policy
_zUnited States.
650 0 _aEnvironmental policy
_zUnited States.
650 0 _aFull employment policies
_zUnited States.
650 0 _aCapitalism
_zUnited States.
650 0 _aFree enterprise
_zUnited States.
856 4 2 _3Publisher description
_uhttp://www.loc.gov/catdir/description/random044/96021010.html
942 _2lcc
_cBK
_n0
999 _c5579
_d5579